01573nam a22003137a 450000500170000000800390001702000180005624501360007425000530021030000620026349000170032549000220034250000300036452002960039452100450069065000290073565000280076465000310079270000300082370000400085370000330089383001460092626400530107233600270112533700330115233800280118504000350121308400110124820220316235802.0140918b2013 sp a|| g||| 00| 0 1 spa a9789588841069 0aEstaba el señor don gatocilustrado por Carmen Salvador ; edición a cargo de Elena Iribarren ; dirección de arte Irene Savino aEdición especial para el Ministerio de Cultura a[26] páginas sin enumerarbilustraciones a colorc15 cm aClave de sol aLeer es mi cuento aIncluye partitura y letra aEstaba el señor Don Gato en silla de oro sentado, cuando recibe la feliz noticia de que ha de casarse con una gata morisca. Manda a preparar la boda con gran esmero y, después de la ceremonia, el recién casado sube al tejado a celebrar. Por fortuna, los gatos tienen más de una vida. aRecomendado para niños de 0 a 2 años142LEMBaJuegos de palabras142LEMBaRondas infantiles142LEMBaCanciones infantiles1 aIribarren, Elena eeditor1 aSavino, Irene edirección de arte1 aSalvador, Carmeneilustrador aColección para la Primera Infancia del Ministerio de Cultura, Plan Nacional de Lectura y Escritura Leer es mi cuento, Primera Infancia 2013 aBarcelonaaBogotábEkarébPanamericanac2013 atextobtxt2rdacontent asin mediaciónbn2rdamedia avolumenbnc2rdacarrier aCO-BoRNBPbspaerdacCO-BoRNBP aP EST1